[Event "Qualifyer Villarobledo - Final"]
[Site "playchess.com #155699"]
[Date "2009.05.23"]
[Round "5"]
[White "Artur95"]
[Black "Novoselski"]
[Result "0-1"]
[WhiteElo "2439"]
[BlackElo "2555"]
[PlyCount "60"]
[EventDate "2009.05.23"]
[EventType "tourn (blitz)"]

1. e4 {[%emt 0:00:01]} Nf6 {[%emt 0:00:02]} 2. e5 {[%emt 0:00:01]} Nd5 {[%emt
0:00:01]} 3. c4 {[%emt 0:00:00]} Nb6 {[%emt 0:00:01]} 4. c5 {[%emt 0:00:00]}
Nd5 {[%emt 0:00:01]} 5. Nc3 {[%emt 0:00:00]} c6 {[%emt 0:00:01]} 6. Nxd5 {
[%emt 0:00:01]} cxd5 {[%emt 0:00:01]} 7. d4 {[%emt 0:00:00]} b6 {[%emt 0:00:09]
} 8. cxb6 {[%emt 0:00:02]} Qxb6 {[%emt 0:00:03]} 9. Nf3 {[%emt 0:00:01]} e6 {
[%emt 0:00:02]} 10. Bd3 {[%emt 0:00:01]} Nc6 {[%emt 0:00:03]} 11. Bc2 {[%emt 0:
00:13]} Ba6 {[%emt 0:00:04]} 12. b3 {[%emt 0:00:08]} Bb4+ {[%emt 0:00:04]} 13.
Bd2 {[%emt 0:00:03]} Nxd4 {[%emt 0:00:03]} 14. Nxd4 {[%emt 0:00:21]} Qxd4 {
[%emt 0:00:02]} 15. Bxb4 {[%emt 0:00:01]} Qxe5+ {[%emt 0:00:12]} 16. Kd2 {
[%emt 0:00:01]} Qf4+ {[%emt 0:00:01]} 17. Kc3 {[%emt 0:00:12]} Rc8+ {[%emt 0:
00:02]} 18. Kb2 {[%emt 0:00:00]} Qxb4 {[%emt 0:00:02]} 19. Rc1 {[%emt 0:00:03]}
O-O {[%emt 0:00:11]} 20. Re1 {[%emt 0:00:05]} g6 {[%emt 0:00:03]} 21. Re3 {
[%emt 0:00:01]} d4 {[%emt 0:00:07]} 22. Rh3 {[%emt 0:00:03]} Rc3 {[%emt 0:00:
06]} 23. Qg4 {[%emt 0:00:04]} Rfc8 {[%emt 0:00:16]} 24. Rh4 {[%emt 0:00:09]}
Rxc2+ {[%emt 0:00:18]} 25. Rxc2 {[%emt 0:00:02]} Rxc2+ {[%emt 0:00:01]} 26.
Kxc2 {[%emt 0:00:01]} Qc3+ {[%emt 0:00:02]} 27. Kd1 {[%emt 0:00:01]} Bd3 {
[%emt 0:00:05]} 28. f4 {[%emt 0:00:18]} Bc2+ {[%emt 0:00:09]} 29. Kc1 {[%emt 0:
00:02]} Bf5+ {[%emt 0:00:02]} 30. Kd1 {[%emt 0:00:01]} Bxg4+ {[%emt 0:00:01]
Artur95 ñäàåòñÿ  (Lag: Av=0.48s, max=1.7s)} 0-1

[Event "Qualifyer Villarobledo - Final"]
[Site "playchess.com #155699"]
[Date "2009.05.23"]
[Round "5"]
[White "Unicorn"]
[Black "Mtv star"]
[Result "1-0"]
[WhiteElo "2568"]
[BlackElo "2378"]
[PlyCount "99"]
[EventDate "2009.05.23"]
[EventType "tourn (blitz)"]

1. d4 {[%emt 0:00:01]} e6 {[%emt 0:00:03]} 2. c4 {[%emt 0:00:01]} d5 {[%emt 0:
00:01]} 3. Nc3 {[%emt 0:00:01]} c6 {[%emt 0:00:01]} 4. cxd5 {[%emt 0:00:02]}
exd5 {[%emt 0:00:01]} 5. Nf3 {[%emt 0:00:01]} f5 {[%emt 0:00:01]} 6. g3 {[%emt
0:00:01]} Nf6 {[%emt 0:00:01]} 7. Bg2 {[%emt 0:00:00]} Bd6 {[%emt 0:00:00]} 8.
O-O {[%emt 0:00:01]} O-O {[%emt 0:00:00]} 9. b3 {[%emt 0:00:01]} Nbd7 {[%emt 0:
00:01]} 10. Bb2 {[%emt 0:00:01]} Qe7 {[%emt 0:00:01]} 11. e3 {[%emt 0:00:01]}
Ne4 {[%emt 0:00:01]} 12. Rc1 {[%emt 0:00:03]} b6 {[%emt 0:00:06]} 13. Ne5 {
[%emt 0:00:22]} Nxe5 {[%emt 0:00:28]} 14. Nxe4 {[%emt 0:00:03]} fxe4 {[%emt 0:
00:10]} 15. dxe5 {[%emt 0:00:02]} Bxe5 {[%emt 0:00:04]} 16. Bxe5 {[%emt 0:00:
01]} Qxe5 {[%emt 0:00:00]} 17. Rxc6 {[%emt 0:00:04]} Ba6 {[%emt 0:00:01]} 18.
Re1 {[%emt 0:00:01]} Bd3 {[%emt 0:00:13]} 19. Qc1 {[%emt 0:00:31]} Qf6 {[%emt
0:00:14]} 20. Rxf6 {[%emt 0:00:02] Mtv star offers a draw} Rxf6 {[%emt 0:00:45]
} 21. Bf1 {[%emt 0:00:04]} Bxf1 {[%emt 0:01:02]} 22. Rxf1 {[%emt 0:00:03]} Raf8
{[%emt 0:00:00]} 23. Qd2 {[%emt 0:00:05]} Rf5 {[%emt 0:00:14]} 24. Rc1 {[%emt
0:00:04]} h6 {[%emt 0:00:02]} 25. Rc7 {[%emt 0:00:01]} a5 {[%emt 0:00:04]} 26.
h4 {[%emt 0:00:02]} Kh8 {[%emt 0:00:10] Mtv star offers a draw} 27. Qd4 {[%emt
0:00:02]} R5f6 {[%emt 0:00:01]} 28. Rc2 {[%emt 0:00:08]} Kh7 {[%emt 0:00:02]}
29. Qe5 {[%emt 0:00:03]} Rf5 {[%emt 0:00:01]} 30. Qd4 {[%emt 0:00:03]} R8f6 {
[%emt 0:00:01]} 31. a3 {[%emt 0:00:01] Mtv star offers a draw} Rg6 {[%emt 0:00:
05]} 32. b4 {[%emt 0:00:03]} axb4 {[%emt 0:00:02]} 33. axb4 {[%emt 0:00:01]}
Rh5 {[%emt 0:00:06]} 34. b5 {[%emt 0:00:03]} Rxh4 {[%emt 0:00:01]} 35. Rc6 {
[%emt 0:00:02]} Rhg4 {[%emt 0:00:01]} 36. Rxg6 {[%emt 0:00:01]} Rxg6 {[%emt 0:
00:00]} 37. Qxd5 {[%emt 0:00:01]} Rg5 {[%emt 0:00:02]} 38. Qxe4+ {[%emt 0:00:
01]} Kh8 {[%emt 0:00:00]} 39. Qe6 {[%emt 0:00:04]} Kh7 {[%emt 0:00:02]} 40.
Qxb6 {[%emt 0:00:01]} Rd5 {[%emt 0:00:01]} 41. Qc6 {[%emt 0:00:01]} Rd1+ {
[%emt 0:00:00]} 42. Kg2 {[%emt 0:00:01]} Rc1 {[%emt 0:00:01]} 43. Qxc1 {[%emt
0:00:02]} h5 {[%emt 0:00:02]} 44. b6 {[%emt 0:00:00]} h4 {[%emt 0:00:00]} 45.
gxh4 {[%emt 0:00:00]} g5 {[%emt 0:00:01]} 46. b7 {[%emt 0:00:01]} Kg6 {[%emt 0:
00:00]} 47. Qc6+ {[%emt 0:00:02]} Kh5 {[%emt 0:00:01]} 48. b8=Q {[%emt 0:00:01]
} gxh4 {[%emt 0:00:00]} 49. Qe5+ {[%emt 0:00:01]} Kg4 {[%emt 0:00:01]} 50. Qg6#
{[%emt 0:00:01]} 1-0

[Event "Qualifyer Villarobledo - Final"]
[Site "playchess.com #155699"]
[Date "2009.05.23"]
[Round "5"]
[White "Hauberk"]
[Black "-st!er-"]
[Result "0-1"]
[WhiteElo "2392"]
[BlackElo "2778"]
[PlyCount "112"]
[EventDate "2009.05.23"]
[EventType "tourn (blitz)"]

1. e4 {[%emt 0:00:01]} c5 {[%emt 0:00:01]} 2. Nc3 {[%emt 0:00:01]} Nc6 {[%emt
0:00:01]} 3. Nf3 {[%emt 0:00:01]} d6 {[%emt 0:00:03]} 4. d4 {[%emt 0:00:01]}
cxd4 {[%emt 0:00:01]} 5. Nxd4 {[%emt 0:00:00]} Nf6 {[%emt 0:00:00]} 6. Bc4 {
[%emt 0:00:01]} e6 {[%emt 0:00:01]} 7. Be3 {[%emt 0:00:01]} Be7 {[%emt 0:00:01]
} 8. f4 {[%emt 0:00:01]} Bd7 {[%emt 0:00:02]} 9. Qf3 {[%emt 0:00:22]} Rc8 {
[%emt 0:00:05]} 10. Bb3 {[%emt 0:00:08]} O-O {[%emt 0:00:12]} 11. O-O-O {[%emt
0:00:02]} a5 {[%emt 0:00:02]} 12. Ndb5 {[%emt 0:00:08]} Nb4 {[%emt 0:00:11]}
13. a4 {[%emt 0:00:18]} Bc6 {[%emt 0:00:09]} 14. f5 {[%emt 0:00:17]} exf5 {
[%emt 0:00:28]} 15. Qxf5 {[%emt 0:00:01]} Bd7 {[%emt 0:00:03]} 16. Qf4 {[%emt
0:00:11]} Ng4 {[%emt 0:00:02]} 17. Kb1 {[%emt 0:00:09]} Nxe3 {[%emt 0:00:49]}
18. Qxe3 {[%emt 0:00:00]} Bxb5 {[%emt 0:00:08]} 19. Nxb5 {[%emt 0:00:05]} Qd7 {
[%emt 0:00:01]} 20. Rhf1 {[%emt 0:00:16]} Kh8 {[%emt 0:00:15]} 21. e5 {[%emt 0:
00:10]} d5 {[%emt 0:00:06]} 22. c3 {[%emt 0:00:02]} Nc6 {[%emt 0:00:01]} 23.
Bxd5 {[%emt 0:00:06]} Qg4 {[%emt 0:00:01]} 24. h3 {[%emt 0:00:21]} Qxa4 {[%emt
0:00:06]} 25. Nd6 {[%emt 0:00:08]} Bxd6 {[%emt 0:00:03]} 26. exd6 {[%emt 0:00:
00]} f6 {[%emt 0:00:01]} 27. Rd2 {[%emt 0:00:20]} Ne5 {[%emt 0:00:08]} 28. Be6
{[%emt 0:00:14]} Rcd8 {[%emt 0:00:25]} 29. Rf4 {[%emt 0:00:18]} Qc6 {[%emt 0:
00:03]} 30. Qe4 {[%emt 0:00:07]} Rxd6 {[%emt 0:00:07]} 31. Rxd6 {[%emt 0:00:01]
} Qxd6 {[%emt 0:00:01]} 32. Rh4 {[%emt 0:00:02]} g6 {[%emt 0:00:04]} 33. Bb3 {
[%emt 0:00:02]} b5 {[%emt 0:00:02]} 34. Bc2 {[%emt 0:00:01]} Kg7 {[%emt 0:00:
03]} 35. Qd4 {[%emt 0:00:01]} Rd8 {[%emt 0:00:01]} 36. Qxd6 {[%emt 0:00:02]}
Rxd6 {[%emt 0:00:01]} 37. Rd4 {[%emt 0:00:01]} Rxd4 {[%emt 0:00:10]} 38. cxd4 {
[%emt 0:00:00]} Nc4 {[%emt 0:00:00]} 39. Bd3 {[%emt 0:00:01]} Nd6 {[%emt 0:00:
01]} 40. Kc2 {[%emt 0:00:02]} Kf7 {[%emt 0:00:01]} 41. h4 {[%emt 0:00:01]} h6 {
[%emt 0:00:01]} 42. g4 {[%emt 0:00:02]} f5 {[%emt 0:00:07]} 43. gxf5 {[%emt 0:
00:08]} gxf5 {[%emt 0:00:02]} 44. Kd2 {[%emt 0:00:02]} f4 {[%emt 0:00:02]} 45.
Ke2 {[%emt 0:00:01]} Ke6 {[%emt 0:00:03]} 46. Kf3 {[%emt 0:00:01]} Kd5 {[%emt
0:00:00]} 47. Kxf4 {[%emt 0:00:02]} Kxd4 {[%emt 0:00:00]} 48. Be2 {[%emt 0:00:
06]} a4 {[%emt 0:00:02]} 49. Kg4 {[%emt 0:00:02]} Nc4 {[%emt 0:00:01]} 50. Kh5
{[%emt 0:00:04]} Nxb2 {[%emt 0:00:01]} 51. Bxb5 {[%emt 0:00:01]} a3 {[%emt 0:
00:01]} 52. Kxh6 {[%emt 0:00:01]} a2 {[%emt 0:00:01]} 53. h5 {[%emt 0:00:01]}
a1=Q {[%emt 0:00:00]} 54. Be8 {[%emt 0:00:01]} Ke5 {[%emt 0:00:02]} 55. Bg6 {
[%emt 0:00:01]} Kf6 {[%emt 0:00:01]} 56. Kh7 {[%emt 0:00:01]} Qa7+ {[%emt 0:00:
01] Hauberk resigns} 0-1

[Event "Qualifyer Villarobledo - Final"]
[Site "playchess.com #155699"]
[Date "2009.05.23"]
[Round "5"]
[White "Necromant"]
[Black "Yang Guo"]
[Result "1/2-1/2"]
[WhiteElo "2596"]
[BlackElo "2802"]
[PlyCount "135"]
[EventDate "2009.05.23"]
[EventType "tourn (blitz)"]

1. e4 {[%emt 0:00:08]} e6 {[%emt 0:00:01]} 2. d4 {[%emt 0:00:02]} d5 {[%emt 0:
00:01]} 3. Nc3 {[%emt 0:00:01]} Bb4 {[%emt 0:00:06]} 4. e5 {[%emt 0:00:01]} c5
{[%emt 0:00:01]} 5. a3 {[%emt 0:00:01]} Bxc3+ {[%emt 0:00:01]} 6. bxc3 {[%emt
0:00:00]} Ne7 {[%emt 0:00:00]} 7. Qg4 {[%emt 0:00:02]} Qc7 {[%emt 0:00:01]} 8.
Qxg7 {[%emt 0:00:02]} Rg8 {[%emt 0:00:02]} 9. Qxh7 {[%emt 0:00:01]} cxd4 {
[%emt 0:00:03]} 10. Ne2 {[%emt 0:00:01]} Nbc6 {[%emt 0:00:04]} 11. f4 {[%emt 0:
00:01]} dxc3 {[%emt 0:00:02]} 12. Qd3 {[%emt 0:00:03]} d4 {[%emt 0:00:02]} 13.
Nxd4 {[%emt 0:00:06]} Nxd4 {[%emt 0:00:09]} 14. Qxd4 {[%emt 0:00:00]} Bd7 {
[%emt 0:00:01]} 15. Be3 {[%emt 0:00:08]} Nf5 {[%emt 0:00:10]} 16. Qc5 {[%emt 0:
00:04]} Qxc5 {[%emt 0:00:29]} 17. Bxc5 {[%emt 0:00:01]} Bc6 {[%emt 0:00:00]}
18. Rg1 {[%emt 0:00:20]} O-O-O {[%emt 0:00:50]} 19. Rd1 {[%emt 0:00:43]} Rxd1+
{[%emt 0:00:08]} 20. Kxd1 {[%emt 0:00:00]} b6 {[%emt 0:00:09]} 21. Bf2 {[%emt
0:00:04]} Rd8+ {[%emt 0:00:04]} 22. Ke1 {[%emt 0:00:08]} Rd2 {[%emt 0:00:08]}
23. g4 {[%emt 0:00:10]} Ne7 {[%emt 0:00:04]} 24. Bd3 {[%emt 0:00:06]} Nd5 {
[%emt 0:00:11]} 25. Be4 {[%emt 0:00:46]} Kc7 {[%emt 0:00:07]} 26. Rg3 {[%emt 0:
00:01]} Bb5 {[%emt 0:00:36]} 27. Bxd5 {[%emt 0:00:08]} Rxc2 {[%emt 0:00:16]}
28. Bf3 {[%emt 0:00:12] .} Rc1+ {[%emt 0:00:03]} 29. Bd1 {[%emt 0:00:01]} Ba4 {
[%emt 0:00:04]} 30. Rxc3+ {[%emt 0:00:03]} Rxc3 {[%emt 0:00:04]} 31. Bxa4 {
[%emt 0:00:01]} Rxa3 {[%emt 0:00:01]} 32. Bd1 {[%emt 0:00:02]} Rh3 {[%emt 0:00:
01]} 33. Bg3 {[%emt 0:00:02]} a5 {[%emt 0:00:00]} 34. g5 {[%emt 0:00:05]} b5 {
[%emt 0:00:02]} 35. g6 {[%emt 0:00:04]} fxg6 {[%emt 0:00:02]} 36. Bg4 {[%emt 0:
00:00]} Rh8 {[%emt 0:00:00]} 37. Bxe6 {[%emt 0:00:01]} b4 {[%emt 0:00:01]} 38.
Bf7 {[%emt 0:00:04]} a4 {[%emt 0:00:03]} 39. f5 {[%emt 0:00:01]} gxf5 {[%emt 0:
00:04]} 40. e6+ {[%emt 0:00:01]} Kc6 {[%emt 0:00:04]} 41. e7 {[%emt 0:00:02]}
Kd7 {[%emt 0:00:01]} 42. e8=Q+ {[%emt 0:00:02]} Rxe8+ {[%emt 0:00:01]} 43.
Bxe8+ {[%emt 0:00:01]} Kxe8 {[%emt 0:00:00]} 44. Bd6 {[%emt 0:00:01]} b3 {
[%emt 0:00:01]} 45. Ba3 {[%emt 0:00:01]} Kf7 {[%emt 0:00:01]} 46. Kf2 {[%emt 0:
00:00]} Kg6 {[%emt 0:00:01]} 47. Kg3 {[%emt 0:00:01]} Kg5 {[%emt 0:00:01]} 48.
Bc1+ {[%emt 0:00:01]} Kh5 {[%emt 0:00:01]} 49. Ba3 {[%emt 0:00:09]} Kg5 {[%emt
0:00:01]} 50. Bc1+ {[%emt 0:00:09]} Kh5 {[%emt 0:00:01]} 51. Kh3 {[%emt 0:00:
01]} f4 {[%emt 0:00:01]} 52. Bb2 {[%emt 0:00:04]} Kg5 {[%emt 0:00:02]} 53. Ba3
{[%emt 0:00:01]} Kh5 {[%emt 0:00:02]} 54. Bb2 {[%emt 0:00:01]} Kg5 {[%emt 0:00:
01]} 55. Bc1 {[%emt 0:00:01]} Kh5 {[%emt 0:00:01]} 56. Ba3 {[%emt 0:00:01]} Kg5
{[%emt 0:00:01]} 57. Bb2 {[%emt 0:00:06]} Kh5 {[%emt 0:00:02] Necromant offers
a draw} 58. Ba3 {[%emt 0:00:06]} Kg5 {[%emt 0:00:02]} 59. Bb2 {[%emt 0:00:02]}
Kf5 {[%emt 0:00:00]} 60. Kg2 {[%emt 0:00:04]} Kg4 {[%emt 0:00:02]} 61. Ba3 {
[%emt 0:00:04]} Kh4 {[%emt 0:00:10]} 62. Bc1 {[%emt 0:00:03]} Kg4 {[%emt 0:00:
01]} 63. Ba3 {[%emt 0:00:01]} f3+ {[%emt 0:00:02]} 64. Kf2 {[%emt 0:00:01]} Kh3
{[%emt 0:00:00]} 65. Kxf3 {[%emt 0:00:01]} Kxh2 {[%emt 0:00:01]} 66. Ke3 {
[%emt 0:00:00]} b2 {[%emt 0:00:01]} 67. Bxb2 {[%emt 0:00:03]} a3 {[%emt 0:00:
01]} 68. Bxa3 {[%emt 0:00:01]} 1/2-1/2

[Event "Qualifyer Villarobledo - Final"]
[Site "playchess.com #155699"]
[Date "2009.05.23"]
[Round "6"]
[White "Necromant"]
[Black "Unicorn"]
[Result "1-0"]
[WhiteElo "2605"]
[BlackElo "2576"]
[PlyCount "65"]
[EventDate "2009.05.23"]
[EventType "tourn (blitz)"]

1. e4 {[%emt 0:00:26]} e6 {[%emt 0:00:02]} 2. d4 {[%emt 0:00:01]} d5 {[%emt 0:
00:01]} 3. Nc3 {[%emt 0:00:00]} Bb4 {[%emt 0:00:01]} 4. e5 {[%emt 0:00:01]} c5
{[%emt 0:00:01]} 5. a3 {[%emt 0:00:01]} Bxc3+ {[%emt 0:00:01]} 6. bxc3 {[%emt
0:00:00]} Ne7 {[%emt 0:00:01]} 7. Qg4 {[%emt 0:00:01]} O-O {[%emt 0:00:01]} 8.
Bd3 {[%emt 0:00:02]} f5 {[%emt 0:00:01]} 9. exf6 {[%emt 0:00:03]} Rxf6 {[%emt
0:00:01]} 10. Qh4 {[%emt 0:00:04]} h6 {[%emt 0:00:07]} 11. Nf3 {[%emt 0:00:04]}
Nbc6 {[%emt 0:00:14]} 12. O-O {[%emt 0:00:04]} Qf8 {[%emt 0:00:02]} 13. Ne5 {
[%emt 0:00:08]} c4 {[%emt 0:00:20]} 14. Be2 {[%emt 0:00:08]} Nf5 {[%emt 0:00:
03]} 15. Qh3 {[%emt 0:00:07]} Nxe5 {[%emt 0:00:26]} 16. dxe5 {[%emt 0:00:01]}
Rf7 {[%emt 0:00:00]} 17. Be3 {[%emt 0:00:04]} Bd7 {[%emt 0:00:02]} 18. Bd4 {
[%emt 0:00:10]} g5 {[%emt 0:00:10]} 19. Bh5 {[%emt 0:00:05]} Rg7 {[%emt 0:00:
03]} 20. f4 {[%emt 0:00:18]} Qe7 {[%emt 0:00:13]} 21. g4 {[%emt 0:00:11]} Nxd4
{[%emt 0:00:02]} 22. cxd4 {[%emt 0:00:00]} gxf4 {[%emt 0:00:11]} 23. Rxf4 {
[%emt 0:00:01]} Rf8 {[%emt 0:00:02]} 24. Rxf8+ {[%emt 0:00:10]} Qxf8 {[%emt 0:
00:00]} 25. Rf1 {[%emt 0:00:01]} Qe7 {[%emt 0:00:02]} 26. Rf6 {[%emt 0:00:12]}
Ba4 {[%emt 0:00:34]} 27. Bg6 {[%emt 0:00:04]} c3 {[%emt 0:00:53]} 28. Qxh6 {
[%emt 0:00:06]} Qxa3 {[%emt 0:00:03]} 29. Kg2 {[%emt 0:00:15]} Bxc2 {[%emt 0:
00:09]} 30. Bxc2 {[%emt 0:00:16] .} Qb2 {[%emt 0:00:01]} 31. Rf2 {[%emt 0:00:
03]} Qb6 {[%emt 0:00:05]} 32. Qf6 {[%emt 0:00:06]} Qd8 {[%emt 0:00:10]} 33.
Qxd8# {[%emt 0:00:02]} 1-0

[Event "Qualifyer Villarobledo - Final"]
[Site "playchess.com #155699"]
[Date "2009.05.23"]
[Round "6"]
[White "-st!er-"]
[Black "Kendo"]
[Result "0-1"]
[WhiteElo "2781"]
[BlackElo "2763"]
[PlyCount "98"]
[EventDate "2009.05.23"]
[EventType "tourn (blitz)"]

1. d4 {[%emt 0:00:01]} d5 {[%emt 0:00:01]} 2. c4 {[%emt 0:00:01]} c6 {[%emt 0:
00:00]} 3. Nf3 {[%emt 0:00:00]} Nf6 {[%emt 0:00:01]} 4. Nc3 {[%emt 0:00:00]} e6
{[%emt 0:00:03]} 5. Bg5 {[%emt 0:00:01]} h6 {[%emt 0:00:04]} 6. Bh4 {[%emt 0:
00:01]} Be7 {[%emt 0:00:07]} 7. e3 {[%emt 0:00:01]} Nbd7 {[%emt 0:00:02]} 8.
Qc2 {[%emt 0:00:02]} O-O {[%emt 0:00:01]} 9. cxd5 {[%emt 0:00:03]} exd5 {[%emt
0:00:02]} 10. Bd3 {[%emt 0:00:02]} Re8 {[%emt 0:00:06]} 11. O-O-O {[%emt 0:00:
06]} b5 {[%emt 0:00:07]} 12. Kb1 {[%emt 0:00:02]} Bb7 {[%emt 0:00:24]} 13. Rhg1
{[%emt 0:00:10]} Ne4 {[%emt 0:00:08]} 14. Bxe7 {[%emt 0:00:07]} Qxe7 {[%emt 0:
00:00]} 15. Bxe4 {[%emt 0:00:01]} dxe4 {[%emt 0:00:02]} 16. Nd2 {[%emt 0:00:02]
} Nf6 {[%emt 0:00:24]} 17. Nb3 {[%emt 0:00:01]} Bc8 {[%emt 0:00:07]} 18. Ne2 {
[%emt 0:00:03]} Be6 {[%emt 0:00:09]} 19. Nc5 {[%emt 0:00:06]} Bc4 {[%emt 0:00:
13]} 20. b3 {[%emt 0:00:10]} Bxe2 {[%emt 0:00:08]} 21. Qxe2 {[%emt 0:00:01]}
Nd5 {[%emt 0:00:00]} 22. Rc1 {[%emt 0:00:02]} b4 {[%emt 0:00:03]} 23. Qa6 {
[%emt 0:00:04]} Qc7 {[%emt 0:00:16]} 24. Kb2 {[%emt 0:00:13]} Qb6 {[%emt 0:00:
20]} 25. Qc4 {[%emt 0:00:14]} Re7 {[%emt 0:00:13]} 26. g4 {[%emt 0:00:06]} g6 {
[%emt 0:00:10]} 27. Na4 {[%emt 0:00:06]} Qd8 {[%emt 0:00:26]} 28. Qxc6 {[%emt
0:00:15]} Re6 {[%emt 0:00:01]} 29. Qc4 {[%emt 0:00:05]} Rf6 {[%emt 0:00:04]}
30. Rc2 {[%emt 0:00:03]} Qd6 {[%emt 0:00:05]} 31. g5 {[%emt 0:00:04]} Rf5 {
[%emt 0:00:05]} 32. h4 {[%emt 0:00:11]} Qh2 {[%emt 0:00:06]} 33. Rgc1 {[%emt 0:
00:01]} hxg5 {[%emt 0:00:02]} 34. hxg5 {[%emt 0:00:02]} Kg7 {[%emt 0:00:04]}
35. Qc6 {[%emt 0:00:05]} Rd8 {[%emt 0:00:04]} 36. Nc5 {[%emt 0:00:01]} Rxf2 {
[%emt 0:00:02]} 37. Nxe4 {[%emt 0:00:02]} Rxc2+ {[%emt 0:00:02]} 38. Rxc2 {
[%emt 0:00:01]} Qh4 {[%emt 0:00:02]} 39. Nd6 {[%emt 0:00:29] .} Qxg5 {[%emt 0:
00:03]} 40. Rf2 {[%emt 0:00:16]} Nf6 {[%emt 0:00:04]} 41. e4 {[%emt 0:00:10]}
Qe3 {[%emt 0:00:02]} 42. Nf5+ {[%emt 0:00:19]} gxf5 {[%emt 0:00:02]} 43. Rg2+ {
[%emt 0:00:00]} Ng4 {[%emt 0:00:02]} 44. exf5 {[%emt 0:00:02]} Qxd4+ {[%emt 0:
00:01]} 45. Kb1 {[%emt 0:00:01]} Qd1+ {[%emt 0:00:02]} 46. Kb2 {[%emt 0:00:01]}
Rd2+ {[%emt 0:00:01]} 47. Rxd2 {[%emt 0:00:01]} Qxd2+ {[%emt 0:00:00]} 48. Kb1
{[%emt 0:00:00]} Qd3+ {[%emt 0:00:02]} 49. Kb2 {[%emt 0:00:01]} Qxf5 {[%emt 0:
00:01] -st!er- resigns} 0-1

[Event "Qualifyer Villarobledo - Final"]
[Site "playchess.com #155699"]
[Date "2009.05.23"]
[Round "6"]
[White "Mtv star"]
[Black "Hauberk"]
[Result "0-1"]
[WhiteElo "2369"]
[BlackElo "2389"]
[PlyCount "144"]
[EventDate "2009.05.23"]
[EventType "tourn (blitz)"]

1. d4 {[%emt 0:00:00]} d5 {[%emt 0:00:01]} 2. c4 {[%emt 0:00:04]} c6 {[%emt 0:
00:01]} 3. Nc3 {[%emt 0:00:01]} Nf6 {[%emt 0:00:01]} 4. Nf3 {[%emt 0:00:03]}
dxc4 {[%emt 0:00:03]} 5. a4 {[%emt 0:00:02]} Bf5 {[%emt 0:00:02]} 6. e3 {[%emt
0:00:01]} e6 {[%emt 0:00:01]} 7. Bxc4 {[%emt 0:00:01]} Bb4 {[%emt 0:00:01]} 8.
O-O {[%emt 0:00:00]} O-O {[%emt 0:00:01]} 9. Ne5 {[%emt 0:00:00]} Nbd7 {[%emt
0:00:08]} 10. f4 {[%emt 0:00:01]} Nxe5 {[%emt 0:00:06]} 11. fxe5 {[%emt 0:00:
00]} Nd5 {[%emt 0:00:01]} 12. Nxd5 {[%emt 0:00:01]} cxd5 {[%emt 0:00:03]} 13.
Bd3 {[%emt 0:00:00]} Bxd3 {[%emt 0:00:14]} 14. Qxd3 {[%emt 0:00:00]} Qa5 {
[%emt 0:00:01]} 15. e4 {[%emt 0:00:04]} Rfd8 {[%emt 0:00:15]} 16. Qf3 {[%emt 0:
00:13]} Rd7 {[%emt 0:00:08]} 17. Be3 {[%emt 0:00:08]} Rc8 {[%emt 0:00:08]} 18.
Rac1 {[%emt 0:00:07]} Rdc7 {[%emt 0:00:28]} 19. Rxc7 {[%emt 0:00:10]} Rxc7 {
[%emt 0:00:04]} 20. exd5 {[%emt 0:00:12]} Qxd5 {[%emt 0:00:02]} 21. Qxd5 {
[%emt 0:00:01]} exd5 {[%emt 0:00:01]} 22. Rc1 {[%emt 0:00:02]} Rxc1+ {[%emt 0:
00:07]} 23. Bxc1 {[%emt 0:00:00]} Kf8 {[%emt 0:00:04]} 24. Kf2 {[%emt 0:00:02]}
Ke8 {[%emt 0:00:01]} 25. Ke3 {[%emt 0:00:05] Mtv star offers a draw} Kd7 {
[%emt 0:00:01]} 26. Kd3 {[%emt 0:00:03]} Ke6 {[%emt 0:00:03]} 27. g4 {[%emt 0:
00:01]} Be1 {[%emt 0:00:19]} 28. Ke2 {[%emt 0:00:06]} Bh4 {[%emt 0:00:11]} 29.
Kf3 {[%emt 0:00:04]} f6 {[%emt 0:00:03]} 30. Bf4 {[%emt 0:00:10]} g5 {[%emt 0:
00:14]} 31. Be3 {[%emt 0:00:15]} fxe5 {[%emt 0:00:08]} 32. dxe5 {[%emt 0:00:02]
} a6 {[%emt 0:00:03]} 33. Bd4 {[%emt 0:00:05]} Be1 {[%emt 0:00:04]} 34. Ke3 {
[%emt 0:00:13]} Ba5 {[%emt 0:00:03]} 35. Kd3 {[%emt 0:00:02]} Bc7 {[%emt 0:00:
01]} 36. Be3 {[%emt 0:00:12]} h6 {[%emt 0:00:01]} 37. Bf2 {[%emt 0:00:06]} Bxe5
{[%emt 0:00:01]} 38. h4 {[%emt 0:00:01]} Bxb2 {[%emt 0:00:02]} 39. hxg5 {[%emt
0:00:01]} hxg5 {[%emt 0:00:01]} 40. Be3 {[%emt 0:00:01]} Bf6 {[%emt 0:00:02]}
41. Bd2 {[%emt 0:00:00] Mtv star offers a draw} b5 {[%emt 0:00:09]} 42. axb5 {
[%emt 0:00:03]} axb5 {[%emt 0:00:01]} 43. Bb4 {[%emt 0:00:01]} Kd7 {[%emt 0:00:
12]} 44. Bd2 {[%emt 0:00:02]} Kc6 {[%emt 0:00:01] Mtv star offers a draw} 45.
Bb4 {[%emt 0:00:01]} Kb6 {[%emt 0:00:02]} 46. Ke3 {[%emt 0:00:03]} Kc6 {[%emt
0:00:04]} 47. Kd3 {[%emt 0:00:01]} Kd7 {[%emt 0:00:06]} 48. Ke3 {[%emt 0:00:02]
Mtv star offers a draw} Ke6 {[%emt 0:00:01]} 49. Be1 {[%emt 0:00:08]} Be5 {
[%emt 0:00:06]} 50. Kd3 {[%emt 0:00:04]} Bd6 {[%emt 0:00:07]} 51. Bd2 {[%emt 0:
00:02]} Bf4 {[%emt 0:00:03]} 52. Bc3 {[%emt 0:00:01]} Kd6 {[%emt 0:00:02]} 53.
Bb4+ {[%emt 0:00:01]} Kc6 {[%emt 0:00:03]} 54. Kd4 {[%emt 0:00:05]} Bd6 {[%emt
0:00:06]} 55. Bd2 {[%emt 0:00:02]} Be7 {[%emt 0:00:04]} 56. Ke5 {[%emt 0:00:08]
} Kc5 {[%emt 0:00:03]} 57. Ke6 {[%emt 0:00:07]} Bd8 {[%emt 0:00:07]} 58. Kd7 {
[%emt 0:00:01]} b4 {[%emt 0:00:08]} 59. Kxd8 {[%emt 0:00:03]} b3 {[%emt 0:00:
00]} 60. Bc1 {[%emt 0:00:07]} d4 {[%emt 0:00:01]} 61. Ke7 {[%emt 0:00:03]} d3 {
[%emt 0:00:02]} 62. Kf6 {[%emt 0:00:04]} d2 {[%emt 0:00:03]} 63. Bxd2 {[%emt 0:
00:02]} b2 {[%emt 0:00:02]} 64. Be3+ {[%emt 0:00:02]} Kc4 {[%emt 0:00:06]} 65.
Bxg5 {[%emt 0:00:07]} b1=Q {[%emt 0:00:00]} 66. Bf4 {[%emt 0:00:02]} Kd5 {
[%emt 0:00:01]} 67. g5 {[%emt 0:00:03]} Qb6+ {[%emt 0:00:03]} 68. Kg7 {[%emt 0:
00:02]} Ke4 {[%emt 0:00:01]} 69. Bd2 {[%emt 0:00:04]} Kf5 {[%emt 0:00:03]} 70.
Kh7 {[%emt 0:00:06] Mtv star offers a draw} Qc7+ {[%emt 0:00:05]} 71. Kh6 {
[%emt 0:00:03]} Qd6+ {[%emt 0:00:02]} 72. g6 {[%emt 0:00:01]} Qxg6# {[%emt 0:
00:01]} 0-1